Rastlinné tioglukozidázy a ich rekombinantná produkcia pomocou kvasinkových expresných systémov
Saved in:
| Main Author: | |
|---|---|
| Other Authors: | |
| Format: | Manuscript Book |
| Language: | Slovak |
| Published: |
2025
|
| Subjects: | |
| Online Access: | http://is.stuba.sk/zp/portal_zp.pl?podrobnosti=176182 |
| Tags: |
No Tags, Be the first to tag this record!
|
MARC
| LEADER | 00000ntm a22000003a 4500 | ||
|---|---|---|---|
| 001 | stuzp105078 | ||
| 003 | SK-STU | ||
| 005 | 20250628212332.9 | ||
| 007 | ta | ||
| 008 | 150427s2015----xo-----f-mn---000-0-slo-d | ||
| 040 | |a STU |b slo | ||
| 041 | 0 | |a slo | |
| 100 | 1 | |a Súkeník, Andrej |u 044000 |4 aut |U FCHPT Fakulta chemickej a potravinárskej technológie |T FCHPT Ústav biotechnológie |X 121491 |U C4000 |Y 102 |7 121491 | |
| 242 | 0 | 1 | |a Plant Thioglucosidases and Their Recombinant Production Using Yeast Expression Systems |y eng |
| 245 | 1 | 0 | |a Rastlinné tioglukozidázy a ich rekombinantná produkcia pomocou kvasinkových expresných systémov |
| 260 | |c 2025 | ||
| 650 | 4 | |a myrozináza |2 slo | |
| 650 | 4 | |a rekombinantná produkcia |2 slo | |
| 650 | 4 | |a P. pastoris |2 slo | |
| 650 | 4 | |a kyselina askorbová |2 slo | |
| 650 | 4 | |a P. pastoris |2 eng | |
| 650 | 4 | |a myrosinase |2 eng | |
| 650 | 4 | |a recombinant production |2 eng | |
| 650 | 4 | |a ascorbic acid |2 eng | |
| 700 | 1 | |a Petrovičová, Tatiana |u 044000 |k Z1 |4 ths |U FCHPT Fakulta chemickej a potravinárskej technológie |T FCHPT Ústav biotechnológie |X 42770 |U C4000 |Y 102 |7 A000042770 | |
| 856 | 4 | |u http://is.stuba.sk/zp/portal_zp.pl?podrobnosti=176182 | |